00621nam a2200229 a 4500001001300000003000900013005001700022008004100039020000800080082001300088100002100101245002400122260003100146300000900177500003500186505001000221700002100231902000800252942000700260952010900267999001500376nice12345678IN_TiNIC20260116011629.0050524s1954 lona grp 000 0 eng  ac000a240bKEM aKempis, Thomas A aImitation of Christ aLondonbPenguin Bookc1954 a214p aincludes index and biblioraphy2 aIndex1 aKempis, Thomas A bSRS cBK 001040708StackRoom-aHMIbHMId2005-05-24g0.00l0o240 KEMp07435r2005-05-24v0.00w2005-05-24yBK c2992d2992